Štátna politika na podporu študentskej mobility v regióne Strednej Európy diplomová práca

Gespeichert in:
Bibliographische Detailangaben
1. Verfasser: Zemaníková, Natália
Körperschaft: Fakulta medzinárodných vzťahov EU. Katedra medzinárodných ekonomických vzťahov a hospodárskej diplomacie
Weitere Verfasser: Mattoš, Boris, 1977-
Format: Buch
Sprache:Slowakisch
Veröffentlicht: Bratislava 2025
Tags: Tag hinzufügen
Keine Tags, Fügen Sie das erste Tag hinzu!

MARC

LEADER 00000nbm a2200000 4500
001 0309607
005 20260115135326.8
041 0 |a slo 
044 |a SK 
245 1 0 |a Štátna politika na podporu študentskej mobility v regióne Strednej Európy  |b diplomová práca  |c Natália Zemaníková ; školiteľ: Boris Mattoš 
264 1 |a Bratislava  |c 2025 
300 |a 100 s. 
100 1 |a Zemaníková, Natália 
700 1 |a Mattoš, Boris, 1977- 
710 2 |a Fakulta medzinárodných vzťahov EU. Katedra medzinárodných ekonomických vzťahov a hospodárskej diplomacie